| 000 | 00520nam a2200157Ia 4500 | ||
|---|---|---|---|
| 008 | 210716s2011 xx 000 0 und d | ||
| 020 | _a9788131704592 | ||
| 041 | _aeng | ||
| 082 | _a005.72 ANAS | ||
| 100 | _aAnahory, Sam;Murray, Dennis. | ||
| 245 |
_aData warehousing in the real world: a practical guide for building decision support systems. _bPractical guide for building decision support systems. |
||
| 250 | _a1 | ||
| 260 |
_aNew Delhi _bPearson Education _c2011 |
||
| 300 | _a366 | ||
| 650 | _aData Warehousing | ||
| 999 |
_c191884 _d191884 |
||